<?xml version="1.0" encoding="UTF-8"?>
<marc:record xmlns:marc="http://www.loc.gov/MARC21/slim">
   <marc:leader>00000nam a2200000 a 4500</marc:leader>
   <marc:datafield ind1="1" ind2=" " tag="100">
      <marc:subfield code="a">Gates, Stefan</marc:subfield>
      <marc:subfield code="4">aut</marc:subfield>
      <marc:subfield code="e">Verfasser/-in</marc:subfield>
   </marc:datafield>
   <marc:datafield ind1=" " ind2=" " tag="653">
      <marc:subfield code="a">Kindersachbuch</marc:subfield>
   </marc:datafield>
   <marc:datafield ind1=" " ind2=" " tag="653">
      <marc:subfield code="a">Sachbücher und Sachbilderbücher für Kinder und Jugendliche: Sonstiges</marc:subfield>
   </marc:datafield>
   <marc:datafield ind1=" " ind2=" " tag="653">
      <marc:subfield code="a">Ernährung</marc:subfield>
   </marc:datafield>
   <marc:datafield ind1=" " ind2=" " tag="653">
      <marc:subfield code="a">Experiment</marc:subfield>
   </marc:datafield>
   <marc:datafield ind1=" " ind2=" " tag="653">
      <marc:subfield code="a">Experiment / Experimentieren</marc:subfield>
   </marc:datafield>
   <marc:datafield ind1=" " ind2=" " tag="653">
      <marc:subfield code="a">Lebensmittel</marc:subfield>
   </marc:datafield>
   <marc:datafield ind1=" " ind2=" " tag="653">
      <marc:subfield code="a">MINT</marc:subfield>
   </marc:datafield>
   <marc:datafield ind1=" " ind2=" " tag="653">
      <marc:subfield code="a">Rezepte</marc:subfield>
   </marc:datafield>
   <marc:datafield ind1="0" ind2="0" tag="245">
      <marc:subfield code="a">Das total verrückte Küchenlabor</marc:subfield>
   </marc:datafield>
   <marc:datafield ind1="0" ind2="0" tag="245">
      <marc:subfield code="c">Gates, Stefan</marc:subfield>
   </marc:datafield>
   <marc:datafield ind1=" " ind2="1" tag="264">
      <marc:subfield code="a">München</marc:subfield>
      <marc:subfield code="b">DK</marc:subfield>
   </marc:datafield>
   <marc:datafield ind1="1" ind2=" " tag="520">
      <marc:subfield code="a">Angaben aus der Verlagsmeldung 

 

  Das total verrückte Küchenlabor : Unser Essen unter der Lupe / von Stefan Gates 

 

  

Verrückte Fakten rund ums Kochen und Essen – mit spannenden Experimenten! 
 

Wieso ist die Chili scharf und die Zitrone sauer? Der bekannte „Gastronaut“ Stefan Gates blickt hinter die Küchen-Kulisse und liefert kluge Antworten auf die spannendsten Fragen rund ums Thema Nahrung &amp; Lebensmittel. Über 20 Experimente verwandeln die Küche in ein verrücktes Labor und zeigen, welche Wissenschaft hinter unserem Essen steckt. Das Beste: Die Versuchsergebnisse können verspeist werden!



Kinder-Küche: Spannendes Wissen &amp; coole Experimente! 
 

Der populäre britische Erfolgsautor und Moderator Stefan Gates, alias „der Gastronaut“ bricht die wohl strengste Küchenregel: Er spielt mit Essen – aber natürlich ausschließlich im Dienste der Wissenschaft. Seine Mission: Die Faszination des Essens auf lustige und skurrile Weise vermitteln. Auch in diesem Kindersachbuch stillt er mit spektakulären Küchen-Experimenten und skurrilen Lebensmittelfakten den Wissenshunger junger Nachwuchsforscher. 



Dabei erwartet die neugierigen Küchenforscher: 

• Interessantes Alltagswissen wird humorvoll und leicht verdaulich vermittelt. 

• Skurriles Faktenwissen. 

• Über 20 spannende Experimente &amp; kleine Rezepte. 



Mit Essen spielt man nicht? Dieses spektakuläre Experimente-Buch beweist das Gegenteil: Denn hier erfahren wir Unglaubliches über unser Essen!</marc:subfield>
   </marc:datafield>
   <marc:datafield ind1=" " ind2=" " tag="020">
      <marc:subfield code="a">9783831039210</marc:subfield>
      <marc:subfield code="9">9783831039210</marc:subfield>
   </marc:datafield>
   <marc:datafield ind1=" " ind2=" " tag="020">
      <marc:subfield code="a">3831039216</marc:subfield>
      <marc:subfield code="9">3831039216</marc:subfield>
   </marc:datafield>
   <marc:datafield ind1=" " ind2=" " tag="041">
      <marc:subfield code="a">ger</marc:subfield>
   </marc:datafield>
   <marc:datafield ind1=" " ind2=" " tag="300">
      <marc:subfield code="b">Illustrationen</marc:subfield>
   </marc:datafield>
   <marc:datafield ind1="1" ind2=" " tag="521">
      <marc:subfield code="a">Kind</marc:subfield>
   </marc:datafield>
   <marc:datafield ind1=" " ind2=" " tag="338">
      <marc:subfield code="a">Band</marc:subfield>
   </marc:datafield>
   <marc:datafield ind1=" " ind2=" " tag="300">
      <marc:subfield code="a">96 Seiten</marc:subfield>
   </marc:datafield>
</marc:record>
